000 00644nam a2200265Ia 4500
005 20260121170433.0
008 008 260114s9999 xx 000 0 eng d
020 _a9783319727332
037 _aEBOOK
040 _aCRL
040 _beng
040 _cCRL
041 _2eng
041 _aeng
084 _qCRL
100 _aSandrine Glatron, Laurence Granchamp
_91063871
245 4 _aThe Urban Garden City
260 _bSpringer
260 _bSpringer
260 _c2018
856 _uhttps://link.springer.com/openurl?genre=book&isbn=978-3-319-72733-2
942 _cEBOOK
999 _c1629600
_d1629600